00385nam a2200133Ia 450000500170000000800410001702000150005808200130007310000150008624500250010126000400012630000130016650000720017920250703022842.0240331s9999 xx 000 0 und d a9552006732 bDESa891 aDe Silva,S 0ahatharaweni thattuwa aColombobS. Godage & Brothersc1992 a299 p ., aTranslation Novel Death is part of the process by Hilda Bernstein